| 000 | 01139cam a22003617i 4500 | ||
|---|---|---|---|
| 999 |
_c200429740 _d47666 |
||
| 001 | 200429740 | ||
| 003 | TR-AnTOB | ||
| 005 | 20220807001101.0 | ||
| 007 | ta | ||
| 008 | 180530s2008 tu d g 000 0 tur d | ||
| 020 | _a9789753533515 | ||
| 040 |
_aTR-AnTOB _beng _erda _cTR-AnTOB _dTR-AnTOB |
||
| 041 | 0 | _atur | |
| 050 | 0 | 0 | _aQA276.12 |
| 090 |
_aQA276.12 _b.D86 2008 |
||
| 100 | 1 |
_aDündar, Durmuş _eauthor _975267 |
|
| 245 | 1 | 0 |
_aİstatistik : _btemel bilgiler, yöntemler ve uygulamalar / _cDurmuş Dündar, Nazan Çağlar. |
| 264 | 1 |
_aİstanbul : _b Der Yayınları, _c2008. |
|
| 264 | 4 | _c©2008 | |
| 300 |
_axiii, 269 pages : _btables ; _c24 cm. |
||
| 336 |
_atext _2rdacontent _btxt |
||
| 337 |
_aunmediated _2rdamedia _bn |
||
| 338 |
_avolume _2rdacarrier _bnc |
||
| 490 | 0 |
_aDer Yayınları ; _v400 |
|
| 504 | _aIncludes bibliographical references. | ||
| 650 | 7 |
_920568 _aOlasılık _eetuturkob |
|
| 650 | 0 |
_9537 _aStatistics |
|
| 650 | 0 |
_aProbabilities _9818 |
|
| 650 | 0 |
_aİstatistik _eetuturkob _99588 |
|
| 700 | 1 |
_aÇağlar, Nazan _eauthor _9120153 |
|
| 942 |
_2lcc _cBK |
||